Top 10 Highest-Grossing Movies by Decade - Statistics

General Stats
  • This quiz has been taken 47 times
  • The average score is 15 of 50
Answer Stats
Hint Answer % Correct
2009 Avatar
83%
1982 E.T.
75%
1997 Titanic
70%
2012 The Avengers
60%
2019 Avengers: Endgame
55%
1977 Star Wars: A New Hope
55%
1975 Jaws
53%
1993 Jurassic Park
53%
1972 The Godfather
50%
1983 Star Wars: Return of the Jedi
48%
1981 Raiders of the Lost Ark
45%
1989 Batman
43%
1994 Forrest Gump
43%
2008 The Dark Knight
43%
1980 Star Wars: The Empire Strikes Back
40%
1985 Back to the Future
38%
1989 Indiana Jones and the Last Crusade
38%
1984 Indiana Jones and the Temple of Doom
35%
1976 Rocky
35%
1994 The Lion King
35%
2019 The Lion King
35%
2018 Black Panther
30%
2003 The Lord of the Rings: The Return of the King
30%
1986 Top Gun
30%
2015 Avengers: Age of Ultron
28%
1996 Independence Day
28%
2015 Jurassic World
28%
2018 Avengers Infinity War
25%
1999 Star Wars: The Phantom Menace
25%
2002 Lord of the Rings: The Two Towers
20%
2015 Star Wars: The Force Awakens
20%
1978 Superman
20%
1977 Close Encounters of the Third Kind
18%
1998 Armageddon
15%
2003 Finding Nemo
15%
2019 Frozen 2
15%
1978 Grease
15%
2001 Harry Potter and the Sorcerers Stone
15%
1997 Men in Black
15%
2006 Pirates of the Caribbean: Dead Man's Chest
15%
1973 The Exorcist
15%
2009 Harry Potter and the Half-Blood Prince
13%
2007 Harry Potter and the Order of The Phoenix
13%
2007 Pirates of the Caribbean: At Worlds End
13%
2015 Furious 7
8%
1988 Rain Man
8%
1977 Saturday Night Fever
8%
1999 The Sixth Sense
3%
1997 Jurassic Park: The Lost World
0%
1979 Moonraker
0%
No matching quizzes found
Score Distribution
Percent of People with Each Score
Percentile by Number Answered
Your Score History
You have not taken this quiz